| 000 | 00443nam a2200121 4500 | ||
|---|---|---|---|
| 999 |
_c13609 _d13609 |
||
| 008 | 190329b ||||| |||| 00| 0 eng d | ||
| 100 |
_937934 _aComilang, Randie J. |
||
| 245 |
_aTeachings vs military in Salugpungan school: _bFormer student says they were also taught how to dismantle weapons/ _cRandie J. Comilang |
||
| 260 |
_aDavao City _bSun Star Davao _cc2018 |
||
| 300 | _apage 5. | ||
| 650 | 0 |
_937935 _aMilitary education. |
|
| 942 |
_2ddc _cPER |
||